Niektoré otázky hygieny a boja proti chytľavým chorobám

Bibliographic Details
Other Authors: Flerov, Oleg Vsevolodovič, narodený 1899-, Malentiev, A. A., Červonskij, Iosif Petrovič, činný 20. storočie, Kaškin, Pavel Nikolajevič, 1901-1991, Krontorskaja, M. K., Maňák, Vladimír (Translator), Klimová, Klára, 1904- (Translator), Griaznov, I. S.
Format: Book
Language:Slovak
Russian
PhysicalDescription:88 strán tabuľky 21 cm
Published: Martin Osveta 1953
Edition:Vydanie 1.
Series:Malá náučná knižnica
Subjects:

MARC

LEADER 00000cam a2200000 a 4500
001 vtls008370811
003 SK-MaSNL
005 20260302062016.0
008 230403s1953 xo l g nf 000 0 slo
015 |a SNBA19451955-008204 
020 |q (brožované) 
035 |a SK01SNKBKSFS20020063028 
035 |a urn:nbn:sk:snk-am3hta2 
035 |a 4D624984-8226-4A7C-B329-9393F3079ABE 
035 |a urn:nbn:sk:snk-am00d8iu 
035 |a SKM000065491 
040 |a SNK  |b slo  |c SNK  |e AACR2 
041 1 |a slo  |h rus 
044 |a xo  |c SK 
080 |a 614.4  |2 1981 
245 0 0 |a Niektoré otázky hygieny a boja proti chytľavým chorobám  |c z ruských originálov O. V. Flerov: Gigiena školníka, I. S. Griaznov: Gripp, A. A. Malentiev: Čto nužno znať o brucelleze ... preložil V. Maňák a z originálov I. P. Červonskij: Tuberkulez i borba s nim, P. N. Kaškin: Gripkovije zabolevanija, M. K. Krontorskaja: Parazitarnyje tify ... preložila K. Klímová 
250 |a Vydanie 1. 
260 |a Martin  |b Osveta  |c 1953  |e Martin  |f Severoslovenské tlačiarne 
300 |a 88 strán  |b tabuľky  |c 21 cm 
366 |e 4000 kusov 
490 1 |a Malá náučná knižnica  |v sv. 96 
504 |a Obsahuje bibliografické odkazy a poznámky 
650 0 7 |a infekčné choroby  |2 SNKPH  |9 859 
650 0 7 |a hygiena  |2 SNKPH  |9 16835 
650 0 7 |a prevenia ochorení  |2 SNKPH  |9 721496 
655 7 |a príručky  |2 SNKPH  |9 74364 
700 1 2 |a Flerov, Oleg Vsevolodovič,  |d narodený 1899-  |t Gigiena školníka  |l Slovensky  |9 721497 
700 1 2 |a Malentiev, A. A.  |t Čto nužno znať o brucelleze  |l Slovensky  |9 721498 
700 1 2 |a Červonskij, Iosif Petrovič,  |d činný 20. storočie  |t Tuberkulez i borba s nim  |l Slovensky  |9 179324 
700 1 2 |a Kaškin, Pavel Nikolajevič,  |d 1901-1991  |t Gripkovije zabolevanija  |l Slovensky  |9 179325 
700 1 2 |a Krontorskaja, M. K.  |t Parazitarnyje tify  |l Slovensk  |9 721499 
700 1 |a Maňák, Vladimír  |4 trl  |9 443656 
700 1 |a Klimová, Klára,  |d 1904-  |4 trl  |9 286946 
700 1 2 |a Griaznov, I. S.  |t Gripp  |l Slovensky  |9 721500 
830 0 |a Malá náučná knižnica  |9 308631 
852 |a Slovenská národná knižnica 
954 |a odborná, vedecká literatúra cudzojazyčná (svetová)  |2 lita 
958 |a RK 
958 |a TL 
958 |a OP 
958 |a NB 
958 |a OND 
958 |a EUIPO 
968 |b RUS 
999 |c 1127601  |d 1129531 
952 |a SNK  |b SNK  |y VYP  |7 0  |p 17A1563634  |o snkSC 4075/96 D1  |i snkKSF 4081/56  |8 5  |0 0  |1 0  |4 0  |d 2025-01-17  |l 0  |r 2026-02-24 18:51:19  |w 2026-02-24 
952 |a SNK  |b SNK  |y VYP  |7 0  |p 17A1563635  |o snkSC 4075/96 D2  |i snkD 31/65  |8 1  |0 0  |1 0  |4 0  |d 2025-01-17  |l 0  |r 2026-02-24 18:51:19  |w 2026-02-24 
952 |a SNK  |b SNK  |y PREZ  |7 0  |p 17A0748027  |o snkSC 4075/96  |i snk1839/53  |0 0  |1 0  |4 0  |d 2018-10-31  |f 1  |l 0  |r 2025-06-25 00:00:00  |w 2026-02-24